Statystyki dla Najdroższe transfery Bayernu w historii.

Kliknij tutaj aby rozwiązać quiz!

Ogólne statystyki

  • Ten quiz został rozwiązany 347 razy
  • Średni wynik to 8 z 10

Statystyki odpowiedzi

SezonCenaKrajPoprzedni klubOdpowiedź% Poprawnych
20/2145 mlnNiemcyManchester CitySane
91%
15/1639 mlnChileJuventusVidal
90%
21/2243 mlnFrancjaRB LipskUpamecano
82%
19/2080 mlnFrancjaAtletico MadrytHernandez
81%
19/2035 mlnFrancjaStuttgartPavard
81%
16/1735 mlnNiemcyBorussia DortmundHummels
80%
13/1437 mlnNiemcyBorussia DortmundGotze
75%
17/1842 mlnFrancjaOlympique LyonTolisso
72%
12/1340 mlnHiszpaniaAthletic BilbaoMartinez
69%
16/1735 mlnPortugaliaBenficaSanches
68%

Rozkład punktacji

Percentyl według liczby udzielonych odpowiedzi

Procent ludzi z każdym wynikiem

Twoja historia wyników

Nie rozwiązałeś tego quizu